000 00475nam a22001937a 4500
003 CEME
005 20210628202037.0
008 210224b xxu||||| |||| 00| 0 eng d
020 _a0-7506-3952-0
040 _c.
082 _a658.4013 OAK
100 _aOakland, John S
_9867
245 _aTotal quality management
250 _a2ND
260 _aOXFORD
_bBUTTERWORTH
_c2001
300 _aVIII,381P
650 _aTQM.TOTAL QUALITY MANAGEMENT
_956599
942 _cBK
_2ddc
999 _c568246
_d568246